00342nam a2200145Ia 4500008004100000020001500041041001200056082001600068100001400084245003900098250000800137260002500145300000800170650001800178221030s9999 xx 000 0 und d a007047401X aEnglish a105.23bSax aR. Saxena 0aMarketing Managementcby R. Saxena a2nd bTMHaNew Delhic2002 a669 aBE Management